000 00422nam a2200157Ia 4500
008 230917s9999||||xx |||||||||||||| ||und||
020 _cPOU15.99
040 _e14857
_aMAIN
041 _aEnglish
082 _a301.35 C767C
100 _aCloke, Paul ,ed.
245 0 _aContested countryside cultures: Otherness, marignalisation and rurality
260 _aLondon
_bRoutledge
_c1997
300 _aviii,286 p.
942 _cBK
999 _c99733
_d99733